000 00344nam a2200133Ia 4500
999 _c8282
_d8282
008 191201s2019 xx 000 0 und d
082 _a615.1 BHH
100 _aBHISE,S.B
245 0 _aHealth education and community pharmacy
260 _bNirali Prakashan
_aNew Delhi
_c2019
300 _a166
650 _aCommunity Pharmacy
942 _2ddc
_cBK